000 00765nam a2200229Ia 4500
999 _c5332
_d5332
003 OSt
005 20200606185219.0
008 191128s1961 sp ad fr 000 0 spa d
040 _aCO-JMCR
_cCO-JMCR
041 1 _aspa
_heng
082 0 4 _a330.01 /
_bR652I
_223
100 1 _aRobertson, Dennis,
_eautor
_95144
245 1 0 _aLecciones sobre principios de economía /
_cDennis Robertson ; traducción de Luis Angel Rojo Duque
260 _aMadrid :
_bTecnos,
_c1961
300 _a371 páginas :
_bgráficos a blanco y negro ;
_c22 cm.
490 0 _aCiencias Sociales ;
_v14
534 _pLectures on economic principles
546 _aTraducido del inglés
650 1 4 _aEconomía
_95145
700 1 _aRojo Duque, Luis Angel,
_etraductor
_95146
942 _2ddc
_cBK